| 000 | 00680nac a22002051u 4500 | ||
|---|---|---|---|
| 010 | _a 95083526 | ||
| 020 | _a0412616009 | ||
| 082 | 0 | 0 |
_a621 _bJOH |
| 090 |
_c8371 _d8371 |
||
| 100 | _aJohnson, Anthony | ||
| 245 | 1 | 0 |
_aFoundations of mechanical engineering / _cAnthony Johnson and Keith Sherwin. |
| 260 |
_aLondon ; _aNew York : _bChapman & Hall,1996. _cc1996. |
||
| 300 |
_axii, 366 p. : _bill. ; _c25 cm. |
||
| 500 | _aDistributer: Al-Ahram | ||
| 504 | _aIncludes bibliographical references and index. | ||
| 511 | _aCatalogued by: Sara | ||
| 650 | 0 | _aMechanical engineering. | |
| 700 | 1 | _aSherwin, Keith. | |
| 942 |
_cBB _k621JOH |
||
| 999 |
_c8371 _d8371 |
||